[Event "CZE-chT2 9798"]
[Site "CZE"]
[Date "1998.??.??"]
[Round "11.3"]
[White "Horak, Michal"]
[Black "Vorisek, Jaroslav"]
[Result "1-0"]
[WhiteElo "2345"]
[BlackElo "2230"]
[PlyCount "121"]
[EventDate "1998.??.??"]
[Source "www.chesslib.no"]
[SourceDate "2004.05.04"]

1. e4 e5 2. Bc4 Nc6 3. Nf3 Bc5 4. c3 Qe7 5. Qe2 d6 6. Bb3 f5 7. d3 Nf6 8. h3 Bd7 9. a4 fxe4 10. dxe4 Nd8 11. Nbd2 a6 12. Nh4 g6 13. g3 Ne6 14. Ng2 Rf8 15. Bc2 Nh5 16. Nf3 Qf7 17. Ngh4 O-O-O 18. b4 Bb6 19. Be3 Bxe3 20. Qxe3 Kb8 21. O-O-O Qe8 22. a5 Ba4 23. Ne1 Bxc2 24. Nxc2 Qc6 25. Kb2 Rf7 26. Nf3 Rdf8 27. Nce1 Nf6 28. Nd2 d5 29. Nef3 Nxe4 30. Nxe5 Qb5 31. Nxf7 Rxf7 32. Nxe4 dxe4 33. Rd2 Qc4 34. Rhd1 c5 35. f4 exf3 36. Qd3 Qxd3 37. Rxd3 Ng5 38. Rf1 f2 39. h4 Ne4 40. bxc5 Kc7 41. Kc2 Kc6 42. Re3 Nxc5 43. Re2 Rf3 44. Rfxf2 Rxg3 45. Rf4 Rh3 46. Rb4 Kd5 47. Rd4+ Kc6 48. Re5 Rh2+ 49. Kb1 Rh1+ 50. Ka2 Rh2+ 51. Ka3 Rh1 52. Kb4 Rb1+ 53. Kc4 Nb3 54. Rdd5 Rb2 55. Re6+ Kc7 56. Re7+ Kc6 57. Rde5 Nd2+ 58. Kd3 Nf3 59. R5e6+ Kc5 60. Rf6 Nxh4 61. Re5# 1-0

[Event "Cup Felix (open)"]
[Site "Felix Spa (Romania)"]
[Date "2007.05.26"]
[Round "2"]
[White "Nemeth Francisc (ROM)"]
[Black "Mihut Ioan (ROM)"]
[Result "1-0"]
[WhiteElo "2430"]
[BlackElo "2130"]
[PlyCount "49"]
[EventDate "2007.??.??"]
[Source "www.chesslib.no"]
[SourceDate "2004.05.04"]

1. e4 e5 2. Bc4 Nc6 3. Nf3 Bc5 4. c3 Qe7 5. O-O Nf6 6. d4 Bb6 7. Re1 O-O 8. h3 d6 9. a4 a6 10. Qd3 Kh8 11. Nbd2 Nh5 12. Nf1 f5 13. exf5 Bxf5 14. Qe2 Bg6 15. Bg5 Qe8 16. Qd2 h6 17. Be3 e4 18. Nh4 Bh7 19. g4 Qd8 20. Ng2 Nf6 21. Nf4 Qd7 22. Be6 Qe7 23. Bf5 g5 24. Ng6+ Bxg6 25. Bxg6 1-0

[Event "Tanta op"]
[Site "Tanta City"]
[Date "2002.05.14"]
[Round "2"]
[White "Hassan, Sayed Barakat"]
[Black "Amin, Bassem"]
[Result "1/2-1/2"]
[WhiteElo "2355"]
[BlackElo "2202"]
[PlyCount "56"]
[EventDate "2002.05.13"]
[Source "ChessBase"]
[SourceDate "2002.07.08"]

1. e4 e5 2. Nf3 Nc6 3. Bc4 Bc5 4. c3 Bb6 5. d3 Nf6 6. Qe2 d6 7. Bb3 Bg4 8. h3 Bh5 9. Nbd2 Qd7 10. Nc4 h6 11. g4 Bg6 12. Nxb6 axb6 13. Nh4 h5 14. g5 Nh7 15. f4 exf4 16. Nxg6 fxg6 17. Bxf4 Nf8 18. d4 O-O-O 19. a3 Re8 20. O-O-O d5 21. e5 Ne6 22. Be3 Ne7 23. h4 b5 24. Bc2 Ref8 25. Rdf1 Nf5 26. Bf2 c6 27. Be1 Rf7 28. Kb1 Rhf8 1/2-1/2

[Event "15. ch-SLO"]
[Site "?"]
[Date "2005.08.16"]
[Round "6"]
[White "Gazvoda Franc"]
[Black "Barle Janez"]
[Result "0-1"]
[WhiteElo "2148"]
[BlackElo "2408"]
[PlyCount "52"]
[EventDate "2005.??.??"]
[Source "www.chesslib.no"]
[SourceDate "2004.05.04"]

1. e4 Nc6 2. Nf3 e5 3. Bc4 Bc5 4. c3 Qe7 5. O-O d6 6. d4 Bb6 7. h3 Nf6 8. Re1 h6 9. a4 a6 10. b4 O-O 11. Ba3 Qd8 12. b5 axb5 13. Bxb5 Bd7 14. dxe5 Nxe5 15. Nxe5 Bxb5 16. axb5 dxe5 17. Nd2 Qd3 18. Nf3 Qxd1 19. Rexd1 Rfe8 20. Re1 Ra4 21. Bb2 Rxe4 22. Nd2 Rf4 23. Re2 Rd8 24. c4 Rxf2 25. Rxf2 Bxf2+ 26. Kxf2 Rxd2+ 0-1

[Event "Lugano op"]
[Site "Lugano"]
[Date "1999.03.10"]
[Round "1"]
[White "Barbero, Gerardo F"]
[Black "Paleologu, Vladimir"]
[Result "1-0"]
[WhiteElo "2462"]
[BlackElo "2072"]
[PlyCount "103"]
[EventDate "1999.03.??"]
[Source "www.chesslib.no"]
[SourceDate "2004.05.04"]

1. e4 e5 2. Nf3 Nc6 3. Bc4 Bc5 4. c3 Bb6 5. d4 Qe7 6. d5 Nb8 7. d6 Qxd6 8. Qxd6 cxd6 9. Ng5 Nh6 10. Na3 Ke7 11. f3 Na6 12. Nc2 f6 13. Nh3 Nf7 14. a4 Bd8 15. Ne3 Nc7 16. Nf2 b6 17. b3 Ne6 18. Ba3 g6 19. g3 Bb7 20. Ke2 Rc8 21. Rhd1 Bc7 22. Nd5+ Bxd5 23. Bxd5 Bb8 24. Bb2 h5 25. Nd3 h4 26. g4 Nfg5 27. Bc4 Nh3 28. Ba3 Nc5 29. Bc1 Nxd3 30. Rxd3 Nf4+ 31. Bxf4 exf4 32. Rg1 g5 33. Ba6 Rc5 34. b4 Re5 35. Rgd1 Bc7 36. Rd4 Rd8 37. Rc4 Bb8 38. Bb7 Kf8 39. Kd3 Ke7 40. Ra1 Kf8 41. h3 Kg7 42. Rd4 Kf8 43. Kc4 Ke7 44. Rad1 Bc7 45. Bd5 Bb8 46. Kb5 Rc8 47. R1d3 Kf8 48. Ka6 Ke7 49. Kb7 Rf8 50. Rc4 f5 51. Rc8 fxg4 52. fxg4 1-0

[Event "Ostrava IM"]
[Site "Ostrava"]
[Date "1998.??.??"]
[Round "?"]
[White "Talla, Vladimir"]
[Black "Jackova, Jana"]
[Result "1-0"]
[WhiteElo "2335"]
[BlackElo "2195"]
[PlyCount "73"]
[EventDate "1998.??.??"]
[Source "www.chesslib.no"]
[SourceDate "2004.05.04"]

1. e4 e5 2. Nf3 Nc6 3. Bc4 Bc5 4. c3 Qf6 5. O-O d6 6. b4 Bb6 7. b5 Na5 8. Be2 Bg4 9. d3 Ne7 10. Bg5 Qe6 11. Nbd2 h6 12. Be3 g5 13. Bxb6 cxb6 14. c4 Ng6 15. Nd4 Bxe2 16. Nxe2 Nf4 17. Nxf4 gxf4 18. Kh1 O-O-O 19. g3 Qf6 20. Qf3 Rhg8 21. Nb1 Qg7 22. Nc3 Rdf8 23. Nd5 f5 24. exf5 Rxf5 25. Qe4 Rg5 26. gxf4 Rg4 27. Rae1 Kb8 28. Qf3 exf4 29. Qe4 Qf7 30. Qe7 Qxe7 31. Rxe7 R4g7 32. Rxg7 Rxg7 33. Rg1 Rg5 34. h4 Rxg1+ 35. Kxg1 Kc8 36. Kg2 Kd7 37. Kf3 1-0

[Event "Hessenliga 0203"]
[Site "?"]
[Date "2003.02.16"]
[Round "7.1"]
[White "Degenhardt Horst"]
[Black "Giesen Dieter"]
[Result "1-0"]
[WhiteElo "2310"]
[BlackElo "2218"]
[PlyCount "71"]
[EventDate "2003.??.??"]
[Source "www.chesslib.no"]
[SourceDate "2004.05.04"]

1. e4 e5 2. Nf3 Nc6 3. Bc4 Bc5 4. c3 d6 5. d4 exd4 6. cxd4 Bb4+ 7. Kf1 Ba5 8. d5 Nb8 9. Qa4+ c6 10. b4 Bb6 11. Bg5 Ne7 12. Nc3 O-O 13. Rd1 Bc7 14. Qb3 Qe8 15. h3 Ng6 16. g3 a6 17. Kg2 Nd7 18. Rhe1 Nge5 19. Nxe5 Nxe5 20. Be2 Nd7 21. Bg4 Ne5 22. Bxc8 Qxc8 23. dxc6 Nxc6 24. Nd5 Bd8 25. Bf4 Ne5 26. Bxe5 dxe5 27. Rc1 Qe6 28. Rc5 Rc8 29. Rec1 Bg5 30. Rxc8 Rxc8 31. Ne7+ Bxe7 32. Qxe6 fxe6 33. Rxc8+ Kf7 34. Rc7 b6 35. Rb7 a5 36. b5 1-0

[Event "Cardoza US op"]
[Site "Kona"]
[Date "1998.08.04"]
[Round "4"]
[White "Stenzel, Harold"]
[Black "Mac Intyre, Paul"]
[Result "0-1"]
[WhiteElo "2165"]
[BlackElo "2345"]
[PlyCount "32"]
[EventDate "1998.08.??"]
[Source "www.chesslib.no"]
[SourceDate "2004.05.04"]

1. e4 e5 2. Nf3 Nc6 3. Bc4 Bc5 4. c3 Bb6 5. d4 Qe7 6. O-O d6 7. Re1 Nf6 8. h3 O-O 9. Na3 Kh8 10. Nc2 Bd7 11. b4 exd4 12. Nfxd4 Nxe4 13. f3 Nxc3 14. Qd3 Bxd4+ 15. Kh1 Qf6 16. Bb2 Bf5 0-1

[Event "Budapest HUN"]
[Site "?"]
[Date "1998.??.??"]
[Round "?"]
[White "Gishi Takesi"]
[Black "Molnar Laszlo"]
[Result "0-1"]
[WhiteElo "2175"]
[BlackElo "2330"]
[PlyCount "62"]
[EventDate "1998.??.??"]
[Source "www.chesslib.no"]
[SourceDate "2004.05.04"]

1. e4 e5 2. Bc4 Nc6 3. Nf3 Bc5 4. c3 d6 5. O-O Nf6 6. d4 exd4 7. cxd4 Bb6 8. Qd3 Bg4 9. Nbd2 O-O 10. a3 d5 11. exd5 Nxd5 12. Ne5 Nxe5 13. dxe5 Ne7 14. Qe4 Qd4 15. e6 fxe6 16. Bxe6+ Bxe6 17. Qxe6+ Rf7 18. Nf3 Qd5 19. Qe2 Nc6 20. Be3 Re8 21. Rad1 Qh5 22. Qc4 Kh8 23. Bxb6 axb6 24. Rd3 Rxf3 25. Rxf3 Ne5 26. Qxc7 Nxf3+ 27. gxf3 Qxf3 28. Qxb6 h5 29. Rc1 Re4 30. Qc7 Rg4+ 31. Kf1 Qd3+ 0-1

[Event "Koszeg IM"]
[Site "?"]
[Date "1996.??.??"]
[Round "?"]
[White "Gutdeutsch Otto"]
[Black "Ruck Tamas"]
[Result "0-1"]
[WhiteElo "2185"]
[BlackElo "2315"]
[PlyCount "24"]
[EventDate "1996.??.??"]
[Source "www.chesslib.no"]
[SourceDate "2004.05.04"]

1. e4 e5 2. Nf3 Nc6 3. Bc4 Bc5 4. c3 Bb6 5. O-O d6 6. d4 Qe7 7. h3 Nf6 8. dxe5 Nxe5 9. Nxe5 Qxe5 10. Nd2 Bxh3 11. Nf3 Qg3 12. Bxf7+ Kf8 0-1

[Event "I Abierto Concello de Ortigueira"]
[Site "?"]
[Date "2003.08.03"]
[Round "1.10"]
[White "Perez Rodney"]
[Black "Ortiz Landeira Jose Antonio"]
[Result "1-0"]
[WhiteElo "2421"]
[BlackElo "2077"]
[PlyCount "37"]
[EventDate "2003.??.??"]
[Source "www.chesslib.no"]
[SourceDate "2004.05.04"]

1. e4 e5 2. Bc4 Nc6 3. Nf3 Bc5 4. c3 d6 5. Bb3 h6 6. O-O Nge7 7. d4 exd4 8. cxd4 Bb6 9. h3 O-O 10. Nc3 Ng6 11. Be3 Nce7 12. Re1 Be6 13. d5 Bd7 14. Bxb6 axb6 15. Rc1 Ne5 16. Nxe5 dxe5 17. d6 cxd6 18. Qxd6 Ng6 19. Qxg6 1-0

[Event "RLPF-chA"]
[Site "Wittlich"]
[Date "1997.??.??"]
[Round "?"]
[White "Schumacher, Olaf"]
[Black "Muellen, Armin"]
[Result "1-0"]
[WhiteElo "2315"]
[BlackElo "2180"]
[PlyCount "89"]
[EventDate "1997.08.??"]
[Source "www.chesslib.no"]
[SourceDate "2004.05.04"]

1. e4 e5 2. Bc4 Nc6 3. Nf3 Bc5 4. c3 Qf6 5. O-O d6 6. d3 h6 7. Be3 Bg4 8. Nbd2 Bb6 9. b4 Nge7 10. a4 a5 11. Qb3 Nc8 12. h3 Bd7 13. b5 N6e7 14. Nh2 g5 15. Rae1 Ng6 16. Bd5 Rb8 17. d4 Nf4 18. dxe5 dxe5 19. c4 c6 20. c5 cxd5 21. exd5 O-O 22. cxb6 Nxb6 23. Bxb6 Qxb6 24. Nc4 Qf6 25. Nxe5 Bf5 26. Nhg4 Qd6 27. Nc4 Qg6 28. Nge5 Qf6 29. Nxa5 h5 30. Nac4 Rbd8 31. Qg3 Kh7 32. h4 Rg8 33. hxg5 Nh3+ 34. Kh1 Nxg5 35. Qh4 Rxd5 36. Qxh5+ Kg7 37. Ng4 Bxg4 38. Qxg4 Qh6+ 39. Kg1 f5 40. Qg3 f4 41. Qc3+ Kf8 42. Qa3+ Rd6 43. Nxd6 Nf3+ 44. Qxf3 Qxd6 45. Re4 1-0

[Event "BCF Ch"]
[Site "Morecambe"]
[Date "1981.08.10"]
[Round "7"]
[White "Cafferty, Bernard"]
[Black "Watson, Ian R"]
[Result "0-1"]
[WhiteElo "2295"]
[BlackElo "2200"]
[PlyCount "48"]
[EventDate "1981.08.03"]
[Source "www.chesslib.no"]
[SourceDate "2004.05.04"]

1. e4 Nc6 2. Nf3 e5 3. Bc4 Bc5 4. c3 Bb6 5. d3 d6 6. O-O Nf6 7. Nbd2 h6 8. Bb3 a6 9. Nc4 Ba7 10. Re1 O-O 11. Bc2 Ng4 12. Rf1 f5 13. Bb3 Kh8 14. exf5 Bxf5 15. h3 Nxf2 16. Rxf2 Bxf2+ 17. Kxf2 e4 18. dxe4 Bxe4 19. Ncd2 Bxf3 20. Nxf3 Ne5 21. Kg3 Qf6 22. Be3 Rae8 23. Ng1 Nc4 24. Bxc4 Qe5+ 0-1

[Event "France (championnat N2)"]
[Site "?"]
[Date "2004.01.17"]
[Round "5.5"]
[White "Perez Flavio"]
[Black "Renaze Luc"]
[Result "0-1"]
[WhiteElo "2205"]
[BlackElo "2265"]
[PlyCount "60"]
[EventDate "2004.??.??"]
[Source "www.chesslib.no"]
[SourceDate "2004.05.04"]

1. e4 e5 2. Nf3 Nc6 3. Bc4 Bc5 4. c3 Bb6 5. d3 Nf6 6. Nbd2 O-O 7. O-O d5 8. exd5 Nxd5 9. Re1 Bg4 10. h3 Bh5 11. Nf1 Qd6 12. Ng3 Bg6 13. Nh4 Qf6 14. Nf3 Qd6 15. Ne4 Qd8 16. Ng3 Re8 17. d4 e4 18. Ng5 e3 19. Nf3 exf2+ 20. Kxf2 Qd6 21. Bg5 h6 22. Bh4 Na5 23. Qa4 c6 24. Bf1 Qf4 25. Kg1 Bc7 26. Ne2 Qf5 27. Bg3 b5 28. Qb4 Rxe2 29. Bxe2 Bxg3 30. Rf1 Ne3 0-1

[Event "Itau Mercosul Cup 4th"]
[Site "Sao Paulo"]
[Date "2000.10.17"]
[Round "2"]
[White "Matsumoto, Yasuji"]
[Black "Pereira, Silvio Cunha"]
[Result "1/2-1/2"]
[WhiteElo "2205"]
[BlackElo "2260"]
[PlyCount "75"]
[EventDate "2000.10.??"]
[Source "www.chesslib.no"]
[SourceDate "2004.05.04"]

1. e4 e5 2. Nf3 Nc6 3. Bc4 Bc5 4. c3 Bb6 5. O-O Nf6 6. d3 O-O 7. Bg5 h6 8. Bh4 d6 9. Nbd2 Bg4 10. h3 Be6 11. b4 a5 12. b5 Ne7 13. Bxf6 gxf6 14. Nh4 d5 15. exd5 Nxd5 16. Ne4 Nf4 17. Ng3 Kh8 18. Bxe6 fxe6 19. Nh5 Rg8 20. Nxf4 exf4 21. Qh5 Qxd3 22. Qxh6+ Qh7 23. Qxf6+ Rg7 24. Rad1 Qh5 25. Rd7 Qg5 26. Qxg7+ Qxg7 27. Rxg7 Kxg7 28. Rd1 Kf6 29. a4 e5 30. Nf3 e4 31. Ne1 Rg8 32. Kf1 Rg5 33. c4 Rc5 34. Rc1 Ke5 35. f3 Kd4 36. fxe4 Kxe4 37. Ke2 Rg5 38. Rd1 1/2-1/2

[Event "Golden Cleopatra op"]
[Site "Cairo"]
[Date "2001.05.03"]
[Round "2"]
[White "Hamed, Ahmed"]
[Black "Amin, Bassem"]
[Result "1/2-1/2"]
[WhiteElo "2331"]
[BlackElo "2133"]
[PlyCount "55"]
[EventDate "2001.05.02"]
[Source "ChessBase"]
[SourceDate "2001.07.03"]

1. e4 e5 2. Nf3 Nc6 3. Bc4 Bc5 4. c3 Bb6 5. d4 Qe7 6. O-O Nf6 7. b4 d6 8. a4 a6 9. Ba3 exd4 10. e5 Nxe5 11. Nxe5 dxe5 12. b5 Bc5 13. cxd4 Bxa3 14. Rxa3 O-O 15. Qe2 axb5 16. Bxb5 e4 17. Re3 c6 18. Bc4 Rxa4 19. Nc3 Ra3 20. Nxe4 Rxe3 21. Nxf6+ Qxf6 22. fxe3 Qe7 23. e4 Be6 24. Bxe6 Qxe6 25. Qd3 Re8 26. Rb1 Qd7 27. d5 cxd5 28. exd5 1/2-1/2

[Event "Nigran op 13th"]
[Site "Nigran"]
[Date "1999.??.??"]
[Round "7"]
[White "Garcia Melgar, Juan Pablo"]
[Black "Gomez Lopez, Roberto"]
[Result "1-0"]
[WhiteElo "2235"]
[BlackElo "2215"]
[PlyCount "160"]
[EventDate "1999.??.??"]
[Source "www.chesslib.no"]
[SourceDate "2004.05.04"]

1. e4 e5 2. Nf3 Nc6 3. Bc4 Bc5 4. c3 d6 5. O-O Nf6 6. Re1 O-O 7. h3 Nxe4 8. d4 exd4 9. cxd4 Bb6 10. Rxe4 d5 11. Bg5 f6 12. Bb3 Kh8 13. Rf4 fxg5 14. Rxf8+ Qxf8 15. Nxg5 Bxd4 16. Bxd5 Qxf2+ 17. Kh1 Ne5 18. Nc3 Qh4 19. Nf3 Nxf3 20. Qxf3 Bf6 21. Rd1 h5 22. Rf1 c6 23. Bb3 Bd7 24. Bc2 Be6 25. Bg6 Rf8 26. Qe3 Bc8 27. Ne4 Be7 28. Rxf8+ Bxf8 29. Qf3 Bb4 30. a3 Be7 31. Qf7 Bd7 32. Qf3 Bf6 33. Nxf6 Qe1+ 34. Kh2 Qe5+ 35. Qg3 Qxg3+ 36. Kxg3 gxf6 37. Bxh5 c5 38. Bf3 b6 39. Kf4 Kg7 40. g4 Be6 41. Be2 Kf7 42. h4 a5 43. g5 Kg7 44. Bb5 Bh3 45. h5 fxg5+ 46. Kxg5 Bg2 47. Kf5 Bf3 48. Kg5 Bd1 49. h6+ Kh7 50. Bd3+ Kh8 51. Kf6 Ba4 52. Ke5 b5 53. Kd5 c4 54. Bf5 Bb3 55. Kc5 b4 56. axb4 axb4 57. Kxb4 Ba2 58. Bc2 c3 59. Kxc3 Bd5 60. Kd4 Bc6 61. Be4 Bb5 62. b4 Kg8 63. Kc5 Be2 64. Bd5+ Kh7 65. Bc4 Bf3 66. b5 Kxh6 67. b6 Bb7 68. Bd5 Ba6 69. Kd6 Kg6 70. Kc7 Kf6 71. Bc4 Bxc4 72. b7 Ke5 73. b8=Q Bd5 74. Qe8+ Be6 75. Kc6 Kf6 76. Kd6 Bf7 77. Qf8 Kg6 78. Ke7 Ba2 79. Qf4 Kg7 80. Qf6+ Kh7 1-0

[Event "European Senior Ch."]
[Site "?"]
[Date "2003.09.23"]
[Round "7"]
[White "Villing Dieter"]
[Black "Karl Hans"]
[Result "1/2-1/2"]
[WhiteElo "2181"]
[BlackElo "2265"]
[PlyCount "102"]
[EventDate "2003.??.??"]
[Source "www.chesslib.no"]
[SourceDate "2004.05.04"]

1. e4 e5 2. Bc4 Bc5 3. Nf3 Nc6 4. c3 Qe7 5. O-O d6 6. b4 Bb6 7. a4 a6 8. d3 Nf6 9. Be3 Bxe3 10. fxe3 Be6 11. Na3 O-O 12. Qb3 Nd8 13. Bxe6 Nxe6 14. Nc4 g6 15. Qb2 Ng7 16. b5 Ne6 17. b6 c6 18. Qa3 c5 19. Rad1 Rad8 20. Na5 Rd7 21. Qb3 Rfd8 22. c4 Ng7 23. Qb1 Rf8 24. Qc2 Ng4 25. Rfe1 f5 26. d4 cxd4 27. exd4 f4 28. c5 Ne3 29. Qb3+ Kh8 30. dxe5 dxc5 31. Rxd7 Qxd7 32. h3 Ne6 33. Nc4 Nd4 34. Nxd4 cxd4 35. Qa3 Re8 36. Qd6 Qf7 37. Nxe3 dxe3 38. Rc1 f3 39. gxf3 Qxf3 40. Qf6+ Qxf6 41. exf6 Kg8 42. Rc7 Rxe4 43. Kf1 Rxa4 44. Rxb7 Rf4+ 45. Ke2 Rxf6 46. Kxe3 Kf8 47. Kd4 Ke8 48. Ke5 Rc6 49. Kd5 Rf6 50. Kc5 Kd8 51. Rxh7 Kc8 1/2-1/2

[Event "Danube op 8th"]
[Site "Aschach"]
[Date "1999.12.28"]
[Round "4"]
[White "Genser, Harald"]
[Black "Wohlfahrt, Herbert J"]
[Result "1/2-1/2"]
[WhiteElo "2160"]
[BlackElo "2282"]
[PlyCount "151"]
[EventDate "1999.12.26"]
[Source "ChessBase"]
[SourceDate "2000.01.11"]

1. e4 e5 2. Nf3 Nc6 3. Bc4 Bc5 4. c3 d6 5. d4 Bb6 6. dxe5 Qe7 7. exd6 Qxe4+ 8. Qe2 Qxe2+ 9. Bxe2 cxd6 10. O-O Nge7 11. Na3 d5 12. Bf4 O-O 13. Rad1 Bg4 14. Nc2 Rad8 15. Rfe1 Rfe8 16. h3 Bh5 17. g4 Bg6 18. Bd3 Bxd3 19. Rxd3 Ng6 20. Rxe8+ Rxe8 21. Bg3 Re2 22. Rd2 Rxd2 23. Nxd2 Nge5 24. b4 Nd3 25. a3 Nce5 26. Kf1 Ng6 27. Ne1 Ndf4 28. h4 h5 29. g5 Bd8 30. Ng2 Ne6 31. Ke2 f6 32. f4 Ne7 33. Nb3 Nf5 34. Bf2 a6 35. Kf3 fxg5 36. fxg5 Bc7 37. Ne3 Nxe3 38. Bxe3 Be5 39. Nd4 Bxd4 40. Bxd4 Kf7 41. Bb6 Kg6 42. a4 Kf5 43. Bf2 g6 44. a5 Nd8 45. Be3 Nc6 46. Bd4 Ke6 47. Bf6 Na7 48. Kf4 Nc8 49. Be5 Ne7 50. Bd4 Nf5 51. Bf2 Nd6 52. Bd4 Nb5 53. Be5 Na3 54. Bd4 Nc4 55. Ba7 Kd6 56. Bb8+ Kc6 57. Ba7 Kb5 58. Bd4 Ka4 59. Kf3 Kb3 60. Kf4 Kc2 61. Kf3 Kd2 62. Kf4 Kd3 63. Ba7 Kd2 64. Bd4 Ke2 65. Bc5 Kf1 66. Kf3 Ne5+ 67. Kf4 Nc6 68. Kf3 Ke1 69. Ke3 Kd1 70. Bd4 Kc2 71. Bf6 Kb3 72. Kd3 Ka4 73. Ke3 Kb5 74. Kd3 b6 75. axb6 Kxb6 76. Ke3 1/2-1/2

[Event "Karl Wagner mem 5th"]
[Site "Graz"]
[Date "1998.09.06"]
[Round "2.25"]
[White "Bawart, Markus"]
[Black "Halser, Walter"]
[Result "1-0"]
[WhiteElo "2345"]
[BlackElo "2090"]
[PlyCount "79"]
[EventDate "1998.09.??"]
[Source "www.chesslib.no"]
[SourceDate "2004.05.04"]

1. e4 e5 2. Bc4 Nc6 3. Nf3 Bc5 4. c3 Qe7 5. O-O d6 6. d4 Bb6 7. a4 a6 8. a5 Nxa5 9. Bg5 Nf6 10. Bd5 Nc6 11. Nbd2 h6 12. Bxf6 Qxf6 13. Bxc6+ bxc6 14. dxe5 dxe5 15. Nc4 O-O 16. Nfxe5 Rd8 17. Qh5 Ba7 18. Rad1 Be6 19. Qe2 Bxc4 20. Nxc4 Rxd1 21. Rxd1 Rd8 22. Ra1 Qe6 23. g3 c5 24. Ra4 Re8 25. Nd2 Rd8 26. Nf1 Rd6 27. Ne3 c4 28. Nxc4 Qd7 29. Nxd6 Qxa4 30. Nf5 Qb3 31. Qxa6 Bb6 32. Qc8+ Kh7 33. Ne7 f6 34. Qf5+ Kh8 35. h4 Qf7 36. Ng6+ Kg8 37. Qc8+ Kh7 38. h5 Qg8 39. Nf8+ Kh8 40. Kg2 1-0

[Event "JUG Ch sf"]
[Site "Nis YUG"]
[Date "1995.??.??"]
[Round "?"]
[White "Stamenkovic, Dragan"]
[Black "Rolj, Petar"]
[Result "1-0"]
[WhiteElo "2295"]
[BlackElo "2135"]
[PlyCount "69"]
[EventDate "1995.??.??"]
[Source "www.chesslib.no"]
[SourceDate "2004.05.04"]

1. e4 e5 2. Nf3 Nc6 3. Bc4 Bc5 4. c3 Qf6 5. d3 h6 6. b4 Bb6 7. a4 a6 8. O-O Nge7 9. Be3 Ba7 10. Nbd2 O-O 11. Qe2 Ng6 12. g3 d6 13. Ne1 Kh8 14. Ng2 Qe7 15. h4 Qd8 16. Qh5 Kh7 17. Bxa7 Rxa7 18. f4 exf4 19. gxf4 Bh3 20. Nf3 f6 21. Rf2 Qd7 22. f5 Nge5 23. Nxe5 Nxe5 24. Ne3 c6 25. Bb3 c5 26. Kh2 g6 27. Qe2 gxf5 28. Kxh3 fxe4+ 29. Nf5 Nxd3 30. Qh5 Nxf2+ 31. Kg3 c4 32. Qxh6+ Kg8 33. Bxc4+ d5 34. Bxd5+ Rf7 35. Qg7# 1-0

[Event "Finkenstein Open"]
[Site "Finkenstein"]
[Date "1993.??.??"]
[Round "5"]
[White "Kummer, Helmut"]
[Black "Steiner, Heinz"]
[Result "1-0"]
[WhiteElo "2250"]
[BlackElo "2180"]
[PlyCount "45"]
[EventDate "1993.??.??"]
[Source "www.chesslib.no"]
[SourceDate "2004.05.04"]

1. e4 e5 2. Nf3 Nc6 3. Bc4 Bc5 4. c3 h6 5. d4 exd4 6. cxd4 Bb4+ 7. Nc3 Nf6 8. e5 Ne4 9. O-O Nxc3 10. bxc3 Ba5 11. Ba3 Ne7 12. Nh4 d6 13. exd6 cxd6 14. Qd3 O-O 15. Bb3 Bc7 16. Rae1 Kh8 17. Bc2 f5 18. Rxe7 g5 19. Ng6+ Kg8 20. Qc4+ d5 21. Qxc7 Qxc7 22. Rxc7 Rf6 23. Ne7+ 1-0

[Event "Bois-Colombes"]
[Site "?"]
[Date "2003.12.24"]
[Round "3"]
[White "Pietrasanta Jeremy"]
[Black "Billault Philippe"]
[Result "1-0"]
[WhiteElo "2199"]
[BlackElo "2223"]
[PlyCount "78"]
[EventDate "2003.??.??"]
[Source "www.chesslib.no"]
[SourceDate "2004.05.04"]

1. e4 e5 2. Bc4 Nc6 3. c3 Bc5 4. Nf3 Qe7 5. d3 Nf6 6. Nbd2 d6 7. h3 a6 8. b4 Ba7 9. Qe2 Be6 10. Bb3 O-O 11. Bc2 d5 12. a3 Rad8 13. Nf1 dxe4 14. dxe4 Nh5 15. g3 b5 16. Ng5 Qf6 17. Nxe6 fxe6 18. Be3 Nd4 19. cxd4 exd4 20. e5 Qxe5 21. Bf4 Qxe2+ 22. Kxe2 Nxf4+ 23. gxf4 Rxf4 24. Bd3 Rdf8 25. Rh2 c5 26. bxc5 Bxc5 27. Nd2 Bd6 28. Rg2 Rc8 29. Ne4 Be7 30. a4 b4 31. a5 Rc6 32. Rgg1 Rf8 33. Nd2 Bh4 34. Rgf1 g6 35. Rab1 Bd8 36. Nc4 Be7 37. Ra1 Re8 38. Nb6 Rc7 39. Bxa6 Rc2+ 1-0

[Event "ESP Ch women"]
[Site "ESP"]
[Date "1992.??.??"]
[Round "7"]
[White "Vilar Lopez, Monica"]
[Black "Cuevas-Rodriguez, Maria Luisa"]
[Result "1-0"]
[WhiteElo "2210"]
[BlackElo "2200"]
[PlyCount "105"]
[EventDate "1992.??.??"]
[Source "www.chesslib.no"]
[SourceDate "2004.05.04"]

1. e4 e5 2. Nf3 Nc6 3. Bc4 Bc5 4. c3 Bb6 5. O-O Qe7 6. d4 d6 7. h3 Nf6 8. Re1 O-O 9. a4 a5 10. Na3 Nd8 11. Be3 exd4 12. Bxd4 Bxd4 13. Nxd4 Qe5 14. Bd3 Ne6 15. Nc4 Qg5 16. Nf3 Qh6 17. Ne3 g6 18. e5 dxe5 19. Nxe5 Nf4 20. Bf1 Qg5 21. N3g4 Nxg4 22. hxg4 f6 23. Bc4+ Kg7 24. Nd7 Rf7 25. Bxf7 Kxf7 26. g3 Ne6 27. f4 Nxf4 28. gxf4 Qxf4 29. Qd5+ Kg7 30. Re7+ Kh6 31. Qh1+ Kg5 32. Qh3 Bxd7 33. Rxd7 Qxg4+ 34. Qxg4+ Kxg4 35. Rxh7 f5 36. Kf2 Rd8 37. Re1 g5 38. Rxc7 Rd2+ 39. Re2 Rd1 40. Rxb7 f4 41. b4 axb4 42. cxb4 Rh1 43. Rf7 Rh2+ 44. Kf1 Rh1+ 45. Kg2 Rb1 46. b5 Rb3 47. Ra2 Rg3+ 48. Kf1 Rb3 49. Kg1 Rb1+ 50. Kg2 Rb3 51. a5 Rg3+ 52. Kf1 Rf3+ 53. Kg1 1-0

[Event "Espergarde op"]
[Site "Espergarde"]
[Date "1978.??.??"]
[Round "4"]
[White "Urban, A."]
[Black "Sondergaard, A."]
[Result "0-1"]
[WhiteElo "2200"]
[BlackElo "2200"]
[PlyCount "42"]
[EventDate "1978.??.??"]
[Source "ChessBase"]

1. e4 e5 2. Nf3 Nc6 3. Bc4 Bc5 4. c3 d6 5. d4 exd4 6. cxd4 Bb4+ 7. Bd2 Bxd2+ 8. Nbxd2 Nh6 9. h3 O-O 10. O-O Qf6 11. d5 Nd4 12. b3 Bd7 13. Re1 Rae8 14. Nxd4 Qxd4 15. g4 f5 16. exf5 Rxe1+ 17. Qxe1 Nxg4 18. hxg4 Qxg4+ 19. Kh1 Rxf5 20. Nf1 Rh5+ 21. Nh2 Qf3+ 0-1

[Event "La Lira ch"]
[Site "?"]
[Date "1981.??.??"]
[Round "7"]
[White "Illescas"]
[Black "Serra"]
[Result "1/2-1/2"]
[WhiteElo "2200"]
[BlackElo "2200"]
[PlyCount "26"]
[EventDate "1981.??.??"]
[Source "www.chesslib.no"]
[SourceDate "2004.05.04"]

1. e4 e5 2. Nf3 Nc6 3. Bc4 Bc5 4. c3 Nge7 5. d4 exd4 6. cxd4 Bb4+ 7. Nc3 O-O 8. Bg5 d6 9. O-O Bxc3 10. bxc3 Bg4 11. h3 Bh5 12. g4 Bg6 13. Nd2 Na5 1/2-1/2

[Event "Espergarde op"]
[Site "Espergarde"]
[Date "1978.??.??"]
[Round "6"]
[White "Urban, A."]
[Black "Longfors, J."]
[Result "1-0"]
[WhiteElo "2200"]
[BlackElo "2200"]
[PlyCount "43"]
[EventDate "1978.??.??"]
[Source "ChessBase"]

1. e4 e5 2. Nf3 Nc6 3. Bc4 Bc5 4. c3 Bb6 5. d4 Qe7 6. d5 Na5 7. Bd3 c5 8. Qa4 Bc7 9. b4 c4 10. Be2 b5 11. Qxb5 Rb8 12. Qa4 Nb7 13. Qxa7 Nf6 14. Bg5 Qd6 15. Bxf6 Qxf6 16. Nbd2 O-O 17. O-O d6 18. Qe3 h6 19. Nxc4 Bd8 20. a4 Qg6 21. Bd3 Bh3 22. Nh4 1-0